Contemporary calculus through applications (Record no. 7496)

000 -LEADER
fixed length control field 00706 a2200181 4500
020 ## - INTERNATIONAL STANDARD BOOK NUMBER
International Standard Book Number 093976587X
040 ## - CATALOGING SOURCE
Original cataloging agency DLC
Language of cataloging DLC
082 00 - DEWEY DECIMAL CLASSIFICATION NUMBER
Classification number 515
245 00 - TITLE STATEMENT
Title Contemporary calculus through applications
Statement of responsibility, etc. Kevin G. Bartkovich, Gloria B. Barrett
260 ## - PUBLICATION, DISTRIBUTION, ETC.
Place of publication, distribution, etc. Dedham, Mass. :
Name of publisher, distributor, etc. Janson Publications,
Date of publication, distribution, etc. c1996.
300 ## - PHYSICAL DESCRIPTION
Extent xiv, 512 p. :
Other physical details ill. ;
Dimensions 25 cm.
500 ## - GENERAL NOTE
General note "The Department of Mathematics and Computer Science, the North Carolina School of Science and Mathematics."
650 #0 - SUBJECT ADDED ENTRY--TOPICAL TERM
Topical term or geographic name entry element Calculus.
700 1# - ADDED ENTRY--PERSONAL NAME
Personal name Bartkovich, Kevin G.
700 1# - ADDED ENTRY--PERSONAL NAME
Personal name Barrett, Gloria B.,
Dates associated with a name 1948-
710 2# - ADDED ENTRY--CORPORATE NAME
Corporate name or jurisdiction name as entry element North Carolina School of Science and Mathematics.
Subordinate unit Dept. of Mathematics and Computer Science.
942 ## - ADDED ENTRY ELEMENTS (KOHA)
Koha item type Book
Call number prefix 515 BAR
Source of classification or shelving scheme
Holdings
Withdrawn status Lost status Damaged status Not for loan Collection code Permanent Location Current Location Shelving location Date acquired Source of acquisition Cost, normal purchase price Total Checkouts Full call number Barcode Date last seen Date last checked out Price effective from Koha item type Total Renewals
          Central Library (CL) Central Library (CL) General Stacks 07/22/2004 Donation 0.00 1 515 BAR SEECS004628 02/18/2024 12/26/2023 01/05/2017 Book  
          Central Library (CL) Central Library (CL) General Stacks 07/22/2004 Donation 0.00   515 BAR SEECS004627 11/14/2012   01/05/2017 Book  
          Central Library (CL) Central Library (CL) General Stacks 05/19/2014     1 515 BAR SEECSD00045 11/06/2025 12/26/2023 01/05/2017 Book 3
© 2023 Central Library, National University of Sciences and Technology. All Rights Reserved.